| 000 -LEADER |
| fixed length control field |
00686cam a2200217Ii 4500 |
| 020 ## - INTERNATIONAL STANDARD BOOK NUMBER |
| ISBN |
9781413319736 |
| 020 ## - INTERNATIONAL STANDARD BOOK NUMBER |
| ISBN |
1413319734 |
| 022 0# - INTERNATIONAL STANDARD SERIAL NUMBER |
| ISSN |
1939-6880 |
| 040 ## - CATALOGING SOURCE |
| Transcribing agency |
BTCTA |
| 082 04 - DEWEY DECIMAL CLASSIFICATION NUMBER |
| Classification number |
346 NOL 2014 A116 Or. |
| 100 1# - MAIN ENTRY--AUTHOR NAME |
| Personal name |
Randolph, Mary, |
| 245 14 - TITLE STATEMENT |
| Title |
The executor's guide : |
| Remainder of title |
settling a loved one's estate or trust / |
| 246 30 - VARYING FORM OF TITLE |
| Title proper/short title |
Settling a loved one's estate or trust |
| 250 ## - EDITION STATEMENT |
| Edition statement |
Sixth edition |
| 300 ## - PHYSICAL DESCRIPTION |
| Number of Pages |
504 pages ; |
| Dimensions |
23 cm |
| 500 ## - GENERAL NOTE |
| General note |
Includes index |
| 520 ## - SUMMARY, ETC. |
| Summary, etc |
"Handle property and debts, deal with family members, save time and money with probate shortcuts"--Cover |
| 650 #0 - SUBJECT ADDED ENTRY--TOPICAL TERM |
| Topical Term |
Executors and administrators |
| 650 #0 - SUBJECT ADDED ENTRY--TOPICAL TERM |
| Topical Term |
Trusts and trustees |
| 942 ## - ADDED ENTRY ELEMENTS (KOHA) |
| Koha item type |
ADB |
| 952 ## - LOCATION AND ITEM INFORMATION (KOHA) |
| Withdrawn status [LOCAL, KOHA] |
0 |